[Event "Linares 20th"]
[Site "Linares"]
[Date "2003.03.07"]
[Round "12"]
[White "Vallejo Pons, Francisco"]
[Black "Leko, Peter"]
[Result "1-0"]
[WhiteElo "2629"]
[BlackElo "2736"]
[Annotator "Ribli,Z"]
[PlyCount "85"]
[EventDate "2003.02.22"]
[EventType "tourn"]
[EventRounds "14"]
[EventCountry "ESP"]
[EventCategory "20"]
[SourceTitle "CBM 094"]
[Source "ChessBase"]
[SourceDate "2003.05.26"]
[SourceVersion "1"]
[SourceVersionDate "2003.05.26"]
[SourceQuality "1"]

1. Nf3 c5 2. c4 Nf6 3. Nc3 d5 {Großmeister Leko spielt gern diese Variante,
die nicht so populär ist wie die Alternativen 3...Nc6, oder 3...e6.} 4. cxd5
Nxd5 5. e4 Nb4 {Leko moechte das Spiel komplizieren. Die Alternative 5...Nxc3
bietet gute Ausgleichschancen fuer Schwarz.} (5... Nxc3 6. bxc3 (6. dxc3 {
Diese genuegsame Fortsetzung fuehrt zum gleichem Spiel.}) 6... g6 7. d4 Bg7 {
Auf diese Weise - mit Zugumstellung - wir haben eine Grundstellung der
Gruenfeld-Indische Verteidigung.}) 6. Bc4 (6. Bb5+) 6... Nd3+ (6... Be6 7. Bxe6
Nd3+ 8. Kf1 fxe6 {Das waere die andere moegliche Variante fuer Schwarz - sein
Bauernstruktur ist ganz schlecht, aber der d3N steht sehr aktiv z.B.
Polugajevsky-Tal, Riga (izt) 1979.}) 7. Ke2 Nf4+ 8. Kf1 Ne6 9. b4 g6 {Statt
der Annahme des Bauernopfers opfert Schwarz selbst einen Bauern.} (9... cxb4
10. Ne2 (10. Nd5 g6 11. Bb2 Bg7 12. Bxg7 Nxg7 13. Qc1 Nc6 14. d4 $44) 10... Nc7
11. d4 $44) 10. bxc5 Bg7 (10... Nxc5 $6 11. d4 $16) 11. Bxe6 Bxe6 12. d4 {
Weiß hat einen Bauern mehr, sein Bauernzentrum ist scheinbar sehr stark, aber
Schwarz hat das Läuferpaar und er kann das weiße Zentrum angreifen.} (12. Ba3
$6 Nc6 13. Rc1 Qa5 14. Bb2 O-O 15. g3 Rad8 $15) 12... Nc6 (12... O-O 13. Bb2
Bg4 14. Ne2 Nc6 15. h3 Bxf3 16. gxf3 b6 17. cxb6 Qxb6 18. Rb1 Rfd8 19. Kg2 Qa5
20. d5 Qxa2 21. Bxg7 Kxg7 22. f4 a5 23. h4 e6 {0-1 Kryvoruchko,Y-Oleksienko,M/
Lvov 2002/EXT 2003 (38)}) 13. Be3 Bc4+ {Hier gebietet Schwarz über einige
Alternativen:} (13... Bg4 14. Ne2 f5 15. h3 fxe4 16. hxg4 exf3 17. gxf3 Qd7 (
17... Qd5 18. Nf4 Qc4+ 19. Kg2 O-O-O $5 $13 (19... Bxd4 $2 20. Bxd4 Qxd4 21.
Qxd4 Nxd4 22. Nxg6 Rg8 23. Rxh7 $18) (19... Nxd4 20. Rc1 Qf7 21. Bxd4 e5 22.
Qa4+ Kf8 23. c6 exd4 24. cxb7 Qxb7 25. Ne6+ Kg8 26. Rc7 $18)) 18. Rb1 O-O-O 19.
Qb3 $14 {1-0 Seirawan,Y-Miles,A/London 1982/MCD (41)}) (13... Qa5 14. Qd2 (14.
Ne2 Bc4 15. Rc1 Qxa2 16. d5 Rd8 {1/2-1/2 Pajkovic,V-Horvath,J/Niksic 1996/EXT
2000 (16)}) (14. Rc1 Bc4+ 15. Kg1 O-O-O 16. Nb1 {Diese Variante fuehrt - mit
Zugumstellung - zu unsere Partiefortsetzung.}) 14... O-O-O (14... Bc4+ 15. Kg1
O-O-O 16. Rc1 Nxd4 (16... f5 17. e5 Rd7 18. h4 $13) 17. Bxd4 Bxd4 18. Nxd4 e5
19. Nb3 Bxb3 20. Qb2 $13) 15. Rc1 f5 16. exf5 (16. d5 fxe4 $17) 16... gxf5 (
16... Bxf5) 17. Qe2 (17. Kg1 Bf7 {[%cal Gf7h5,Gh5f3,Ge7e5]}) 17... Qb4 (17...
f4 18. Bxf4 Bg4 19. d5 $5 (19. Qb5 Qxb5+ 20. Nxb5 Rhf8 $44) (19. Be3 Bxd4 20.
Ne4 Rhf8 $13) 19... Nd4 20. Qxe7 Rd7 (20... Nxf3 21. Qxg7 $16) 21. Qe3 Nxf3 (
21... Qa6+ 22. Kg1 Nxf3+ 23. gxf3 $14 {[%cal Gc5c6]}) 22. gxf3 Bh3+ 23. Ke2
Bxc3 24. Qxc3 Qxa2+ 25. Rc2 Re8+ 26. Be3 Qxd5 27. c6 $14) 18. Kg1 Qc4 19. Qe1 (
19. Qxc4 Bxc4 20. Rd1 Rhf8 21. g3 e5 22. d5 (22. Nxe5 Nxe5 23. dxe5 Rxd1+ 24.
Nxd1 Bd5 $19) 22... Nb4 23. d6 f4 $1 $17) 19... Rhg8 20. h4 Bd5 (20... Nb4 $5
21. Nd5 Qxd5 22. Qxb4 Bh8 $5 $15 (22... Bxd4 23. Bg5 $13)) 21. Nd2 (21. Rh3 $5)
21... Qa6 22. Nxd5 (22. Rh3 $5) 22... Rxd5 $15 23. Nf3 Qxa2 24. Rh3 {1/2-1/2
Ftacnik,L-Pinter,J/Prague 1985/MCD (75)}) 14. Kg1 Qa5 15. Rc1 O-O-O 16. Nb1 $3
{[%csl Gc1][%cal Gb1d2,Gc1c4][%mdl 4] Weiß oeffnet die c-Linie und moechte den
Springer nach d2 stellen. Interessant, dass er in dieser sehr scharfen
Stellung Zeit fuer dieses Springermanoever hat.} (16. h3 f5 $1 (16... Nxd4 $2
17. Bxd4 Bxd4 (17... e5 18. Nd5 Bxd5 19. Bc3 $18) 18. Nxd4 e5 19. Nd5 Bxd5 20.
exd5 exd4 (20... Rxd5 21. Qg4+ f5 22. Nb3 $18) 21. Qxd4 $16) 17. exf5 gxf5 $13)
16... Qa6 (16... Qxa2 17. Nbd2 $16) 17. d5 $16 f5 (17... Be2 18. Qb3 Bxf3 19.
gxf3 Nd4 20. Bxd4 Bxd4 21. c6 $16) (17... e6 18. Rxc4 Qxc4 19. Nbd2 $16) 18.
Rxc4 $5 {Mit diesem zeitweiligen Qualitaetsopfer gewinnt Weiß eigentlich
Material.} (18. Nfd2 Ne5 19. Nxc4 (19. c6 $40) 19... Nxc4 20. Qe2 Nxe3 21. Qxe3
$36 (21. Qxa6 $2 bxa6 22. fxe3 fxe4 $17)) (18. Nbd2 $5) 18... Qxc4 19. Nbd2 {
[%cal Rd2c4,Rd5c6] Jetzt haengt die Dame und gleichzeitig der c6N auch.} Qxa2
20. dxc6 bxc6 21. g3 Rd3 $2 (21... Bc3 $1 22. Qf1 Bxd2 23. Nxd2 Rxd2 24. Bxd2
Qxd2 25. Qa6+ Kb8 26. Kg2 Qd7 $11) 22. Kg2 fxe4 (22... Rhd8 23. Qb1 Qxb1 24.
Rxb1 fxe4 25. Nxe4 $16) 23. Ng5 Rf8 24. Ngxe4 {[%csl Gd2,Ge4] Die weiße
Stellung ist sehr fest und er hat deutlichen Materialvorteil.} Be5 25. Re1 h5
26. h4 Rfd8 27. Qb1 $1 Qxb1 (27... Qf7 28. Nd6+ $1 $18) 28. Rxb1 {[%mdl 1024]
Nach dem Damentausch hat Weiß nur noch die technische Aufgabe der Realisierung
vor sich.} Bc7 29. Nc4 R8d5 30. Ra1 Kb7 (30... Bb8 31. Na5 $18) 31. Ra4 Rd7 32.
Ng5 {[%csl Ye6][%cal Gg5e6]} R3d5 33. Ne6 Rf5 34. Nd4 (34. Bd4 $18) 34... Rf6
35. Rb4+ Ka6 (35... Kc8 36. f4 $18) 36. Rb1 Rd5 37. Nc2 {[%cal Rc2b4,Rb4d5,
Rb4a6]} Rd7 38. Nb4+ Kb5 39. Nd2 Ka4 (39... Rf5 40. Nc2+ Ka6 41. Nd4 Rxc5 42.
N2b3 Rc3 43. Ne6 $18) 40. Ne4 Re6 41. Nc3+ Ka5 42. Nc2 {[%cal Rb1a1,Ra1a5]
Droht 43.Ra1#.} Ka6 43. Nd4 (43. Nd4 Rf6 44. Ne4 $18) 1-0

[Event "Antwerp"]
[Site "Antwerp"]
[Date "1993.??.??"]
[Round "6"]
[White "Hansen, Curt"]
[Black "Kortschnoj, Viktor Lvovich"]
[Result "0-1"]
[WhiteElo "2590"]
[BlackElo "2625"]
[Annotator "Ribli,Z"]
[PlyCount "122"]
[EventDate "1993.08.??"]
[EventType "tourn"]
[EventRounds "9"]
[EventCountry "BEL"]
[EventCategory "13"]
[SourceTitle "CBM 037"]
[Source "ChessBase"]
[SourceDate "1993.12.01"]
[SourceVersion "1"]
[SourceVersionDate "1993.12.01"]
[SourceQuality "1"]

1. c4 c5 2. Nf3 Nf6 3. Nc3 d5 4. cxd5 Nxd5 5. g3 Nc6 6. Bg2 Nc7 7. Qa4 Bd7 8.
Qe4 g6 9. Ne5 Bg7 10. Nxd7 Qxd7 11. a3 $5 (11. O-O {Sherbakov,R-Sokolov,A/St.
Petersburg zt/1993/CBM34/}) 11... Rc8 12. Rb1 Ne6 13. O-O O-O 14. b4 b6 15. Nd5
(15. Qd5 Rfd8 16. Qa2 cxb4 17. axb4 Ned4 $13 {Wojtkiewicz,A-Smejkal,J/Polanica
Zdroj/1991/CBM26/}) 15... Ned4 $5 (15... f5 $6 16. Qc4 $14 {Romanishin,
O-Pinter,J/Malgrat de Mar/1977/INF24,88/}) 16. b5 (16. bxc5 $13 {Smejkal,
J-Sokolov,A/Novi Sad/1984/INF38,62/}) 16... Ne5 17. f4 f5 $1 (17... e6 18. Nxb6
axb6 19. fxe5 Qc7 $13) 18. Qe3 Ng4 $1 (18... e6 19. Nxb6 axb6 20. fxe5 Qc7 $13)
19. Qxe7 Rc7 $6 (19... Rf7 $1 $15) 20. Qh4 (20. Qxd7 Nxe2+ $1) 20... Nxe2+ 21.
Kh1 Nxc1 22. Rbxc1 (22. Nxc7 $2 Bf6 23. Qh3 Nd3 $19) 22... Bf6 23. Qh3 Rcc8 24.
Bf3 Bg7 25. Qg2 Rcd8 26. Rce1 Rf7 27. Qe2 Kf8 28. Qc4 Nf6 29. Nxf6 Bxf6 30. a4
Kg7 $15 31. Re2 Qd4 32. Rc1 Qxc4 33. Rxc4 Rfd7 34. Rc2 Rd3 35. Kg2 Ra3 36. Rc4
Ra2 37. d4 Rxe2+ 38. Bxe2 Bxd4 $17 39. Rc1 Re8 40. Rc2 Re3 41. Bc4 Ra3 42. Ra2
Rc3 43. Bd5 c4 44. Kf1 Rc1+ 45. Ke2 c3 46. Kd3 Rd1+ 47. Ke2 Rb1 48. Kd3 Bf6 49.
Bc4 Rb4 50. h3 h5 51. Re2 Rxa4 52. Ra2 Ra5 53. Ke3 Kh6 54. Kd3 Bg7 55. Ke3 Bh8
56. Kd3 Bf6 57. Ke3 h4 58. g4 fxg4 59. hxg4 g5 $1 60. f5 Rxa2 61. Bxa2 h3 0-1

[Event "WchT 4th"]
[Site "Luzern"]
[Date "1997.10.31"]
[Round "7.1"]
[White "Bareev, Evgeny"]
[Black "Lalic, Bogdan"]
[Result "1-0"]
[WhiteElo "2670"]
[BlackElo "2600"]
[Annotator "Ribli,Z"]
[PlyCount "147"]
[EventDate "1997.10.25"]
[EventType "team-tourn"]
[EventRounds "9"]
[EventCountry "SUI"]
[SourceTitle "CBM 062"]
[Source "ChessBase"]
[SourceDate "1998.01.31"]
[SourceVersion "1"]
[SourceVersionDate "1998.01.31"]
[SourceQuality "1"]
[WhiteTeam "Russia"]
[BlackTeam "Croatia"]
[WhiteTeamCountry "RUS"]
[BlackTeamCountry "CRO"]

1. Nf3 {Hecht Hansen,LB} c5 2. c4 Nc6 3. Nc3 Nf6 4. g3 d5 5. d4 {Hansen,LB:
Black has yet to show a clear path to equality after this move. Heutzutage ist
diese Variante sehr populär. Bei ihrer Premiere in der Partie Tal - Timman,
Montpellier, 1985 war sie eine große Überraschung für Schwarz. Ribli.} cxd4 (
5... e6 $5 {Nach meiner Meinung hat Schwarz ausgezeichnete Ausgleichschancen
durch diesen Zug.} 6. cxd5 Nxd5 7. Bg2 cxd4 $1 8. Nxd4 Nxc3 9. bxc3 Nxd4 10.
Qxd4 Qxd4 11. cxd4 Bb4+ 12. Bd2 Bxd2+ 13. Kxd2 Rb8 $11 {Weiß hat einen guten
Läufer auf der langen Diagonalen und Zentrumsvorteil, aber nach meiner Meinung
kann Schwarz relativ leicht das Gleichgewicht halten.}) 6. Nxd4 dxc4 7. Nxc6
Qxd1+ 8. Nxd1 bxc6 9. Bg2 Nd5 10. Ne3 e6 (10... Ba6 {Vielleich bietet diese
Variante dem Schwarzen bessere Rettungschancen als die Partiefortstezung.} 11.
Nxd5 cxd5 12. Bxd5 Rc8 13. Bd2 $14 {Das schwarze Hauptproblem liegt in der
ewigen Schwäche des Bauern c4. Ferner besetzt Weiß mit folgendem Bc3 zwei
lange Diagonalen.}) 11. Nxc4 {Hansen,LB: White has a small but lasting
advantage in this endgame due to his better pawn structure (>< c6). Schwarz
hat nur eine strukturelle Schwäche - den c-Bauern. Die Variante ist sehr
bequem für Weiß, denn er kann praktisch nie verlieren.} Ba6 12. b3 Bb4+ 13. Bd2
Ke7 {Ich bin überzeugt, daß dieser Zug die beste Möglichkeit für Schwarz ist.
Er tauscht von selbst noch nicht und kommt mit den Türmen ins Spiel.} (13...
Bxd2+ 14. Nxd2 Nb4 15. Kd1 $5 Ke7 16. a3 Nd5 17. Rc1 Rac8 18. Ne4 c5 19. Nxc5
Rhd8 20. Ke1 Nb6 {Gelfand,B-Leko,P/Vienna 1996/1/2-1/2 (59)}) 14. Rc1 Rac8 (
14... Rhc8 15. Bxb4+ Nxb4 16. a3 Nd5 17. Na5 $1 (17. e4 Bxc4 $5 (17... Nb6 18.
Na5 c5 19. f4 $16) 18. Rxc4 Nb6 19. Rc5 Nd7 20. Rc3 a5 21. Kd2 Ra6 22. Bf3 Rb6
23. Bd1 c5 24. Bc2 Rd6+ 25. Ke3 Rd4 26. Rc1 e5 {1/2-1/2 Bareev,E-Alterman,B/
EU-chTM 1997/EXP 57/[Alterman,B] (33)}) 17... c5 18. e4 Nf6 19. e5 Nd5 20. Kd2
Rab8 (20... Rc7 21. Rhd1 Rac8 22. Ke1 c4 23. Bxd5 exd5 24. Rxd5 c3 25. b4 Bc4
26. Rd6 Be6 27. b5 Bd7 28. a4 f6 {1/2-1/2 Piket,J-Timman,J/Top 1997 (35)}) 21.
b4 $1 f6 $2 22. Bxd5 exd5 23. Rxc5 Rxc5 24. bxc5 Rb2+ 25. Kc3 Rb5 26. exf6+
Kxf6 27. Nb3 d4+ 28. Nxd4 Rxc5+ 29. Kb2 Rd5 30. Nb3 $16 {1/2-1/2 Kramnik,
V-Polgar,J/Fontys 1997 (48)}) 15. Bxb4+ Nxb4 16. a3 Nd5 17. Na5 {[%csl Ga5]
Der weiße Springer steht ausgezeichnet auf a5. Er kontrolliert den Punkt c6
und kann von Schwarz nicht vertrieben werden.} c5 18. O-O $1 {Hansen,LB:
Keeping all options open: To double on the c-file against the c-pawn or on the
d-file in order to kick the defending N on d5 away.} (18. Rc2 Rc7 (18... c4 19.
Nxc4 Bxc4 20. Rxc4 Rxc4 21. bxc4 Nb6 22. c5 Nc4 23. O-O Rb8 24. c6 Nxa3 25. Be4
Nb5 26. Ra1 Ra8 27. c7 {1/2-1/2 Wojtkiewicz,A-Schlosser,P/Regensburg op 1996})
19. O-O Rhc8 20. Rfc1 Nb6 21. Bf1 {1/2-1/2 Kengis,E-Hansen,C/Skolernes
Skakklub 1997/CBM 60/[Ribli] (36)} (21. Bf1 {Hansen,LB} f5 22. e3 Bxf1 23. Kxf1
g5 24. Ke2 Kf6 25. h3 h5 26. Nc4 Rb8 27. Na5 Rbc8 28. Nc4 Rb8 29. Nd2 Rbc8 30.
e4 g4 31. hxg4 hxg4 32. Ke3 Kg5 33. Nc4 Rb8 34. Nd2 Rbc8 35. Nc4 Rb8 36. Nd2
Rbc8 {1/2-1/2 Kengis,E-Hansen,C/Skolernes Skakklub 1997/CBM 60/[Ribli]})) 18...
Rc7 $146 (18... Rhd8 19. Rc2 Rc7 20. Rfc1 Rdc8 21. e4 Nf6 22. f4 Bd3 23. e5 Nd5
24. Rb2 c4 25. bxc4 Bxc4 26. Rxc4 Rxc4 27. Nxc4 Rxc4 28. Rb7+ Ke8 29. Bxd5 exd5
30. Rxa7 $16 {1-0 Kramnik,V-Hjartarson,J/EUCup Gr1 1995/EXT 97 (39)} (30. Rxa7
{Hansen,LB} d4 31. Kf1 d3 32. Ke1 Rc2 33. a4 Rxh2 34. a5 h5 35. a6 Ra2 36. f5
Kf8 37. Kd1 g5 38. f6 Kg8 39. Ra8+ Kh7 40. e6 {1-0 Kramnik,V-Hjartarson,J/
EUCup Gr1 1995/EXT 97})) (18... Bxe2 $4 19. Rfe1 {[%cal Re1e7]} Ba6 20. Bxd5
$18) 19. Rfd1 $5 Rd8 20. Bf3 {Weiß verteidigt seinen e2-Bauer, nachdem 20.e3
dem schwarzen Läufer nur mehr Raum gibt und 20.Rc2 zu Komplikationen führt.} (
20. Rc2 Ne3 21. Rxd8 Nxc2 22. Rd2 Nd4 $5 (22... Nxa3 $2 23. Ra2 {[%cal Ra2a6]}
Nb5 24. Nc6+ $18) 23. e3 Ne2+ 24. Kh1 Nc3 $132) 20... Rd6 21. Rd2 $14 {Weiß
bereitet die Turmverdoppelung vor und es ist nicht klar, wie Schwarz seine
Stellung verbessern kann.} Nb6 22. Rdc2 c4 $5 {Hansen,LB: The best chance. Ein
typisches Motiv in der Variante.Schwarz gibt einen Bauern (das war schon
erzwungen), aber er bekommt gute Blokademöglichkeiten mit dem Springer.} (22...
Nd7 {Hansen,LB} 23. b4 $16) 23. Nxc4 (23. bxc4 Rc5 24. Nb7 (24. Nb3 Rxc4 $11)
24... Bxb7 25. Bxb7) 23... Bxc4 24. bxc4 Rc5 {[%csl Gc5] Hansen,LB: Black
intends to block on the black squares. Schwarz hat einen Bauern weniger, aber
der Mehrbauer c4 ist schwach und es ist nicht leicht für Weiß voranzukommen.}
25. Be4 $5 {[%cal Ge4d3,Gd3c4]} Nd7 26. Rb1 $5 (26. Bd3 Rb6 {[%csl Gb6][%cal
Gb6b1]}) 26... Rb6 27. Rb5 $1 {Hansen,LB: Very strong!} f5 (27... Rbxb5 28.
cxb5 Rxb5 (28... Rxc2 {Hansen,LB} 29. Bxc2 Kd6 30. a4 (30. Bxh7 $2 g6 31. Bg8
Ke7 {>< Bg8}) 30... h6 (30... Kc5 $2 31. Bxh7 $1 g6 32. Bg8 $18) 31. a5 $16 {/\
} Kc5 $2 32. b6 $1 axb6 33. a6 Kc6 (33... b5 34. a7 Nb6 35. Be4 $18) 34. Be4+
$18) 29. Rc7 $14 {[%csl Gc7][%cal Re4c6]}) (27... a6 28. Rxb6 Nxb6 29. Bd3 $14
{[%cal Gc2b2,Gb2b7] Weiß plant in der b-Linie mit dem Turm einzudringen.}) 28.
Bd3 Kd6 29. Rcb2 Kc6 30. Kg2 Rbxb5 $6 {Das gefällt mir nicht. Schwarz befreit
den Weißen von seinen isolierten Bauern.} (30... a6 31. Rxb6+ (31. R5b4 $14)
31... Nxb6 32. Rb4 $14 a5 33. Rb5 Rxb5 34. cxb5+ Kc5 35. Kf3) 31. cxb5+ Kb6 32.
Rb4 Ne5 (32... Rc3 33. Rd4 $5 {[%csl Gd4]} (33. Rc4 Rxc4 (33... Rxa3 34. Rc6+
Kb7 35. Rxe6 $16) 34. Bxc4 Nc5 {[%cal Rb6a5,Ra5a4,Ra4a3]}) (33. a4 Nc5) 33...
Nc5 34. Rd6+ Kb7 (34... Ka5 35. Rc6 Ka4 36. Rc7 $16 {[%cal Rc7a7,Rc7h7]}) 35.
Rc6 $14 {[%csl Gc6][%cal Gc6c3]}) 33. a4 Rd5 (33... Ka5 34. Rd4 $14 {[%csl Gd4]
}) 34. Rh4 h6 (34... Nxd3 {Hansen,LB} 35. exd3 h6 36. Rc4 $1 $16) 35. Bc2 Rd2
36. Bb3 {Weiß findet in der gesamten Partie immer noch aktive Fotsetzungen,
statt sofortigen Ausgleich zuzulassen.} Rxe2 37. Kf1 $1 (37. Bxe6 Ng6 $17 {
[%cal Rg6h4,Re2e6]} (37... Nd3 38. Bc4 (38. Bxf5 Rxf2+ 39. Kg1 Rxf5 $19) 38...
Rxf2+ 39. Kg1 $11)) 37... Rb2 38. Bxe6 Ng4 (38... Nd3 39. f4 $5 (39. Bxf5 $2
Rxf2+ 40. Kg1 Rxf5 $19) (39. Bc4 Rxf2+ 40. Kg1 Rd2 $11 41. Rd4 $2 Rd1+ 42. Kg2
Ne1+ $19 {[%cal Rd1d4]}) (39. Rd4 Rxf2+ 40. Kg1 Rd2 $2 $11 41. Bxf5 $2 Rd1+ 42.
Kg2 Ne1+ $19)) 39. Bxf5 Rxf2+ 40. Kg1 (40. Ke1 Rxf5 41. Rxg4 g5 $14 {In
unserer Partie steht der König besser auf g1,als auf e1. Der Hauptschauplatz
wird der Königsflügel.}) 40... Rxf5 41. Rxg4 {[#] Hecht: Erst ab der
Konstellation 1-1 Bauern wird das Turmendspiel für uns interessant. Zwar
sichert der aktive schwarze König den kompletten Abtausch der
Damenflügelbauern, dann jedoch steht er abseits und ist ursächlich
verantwortlich für den Verlust. Weiß gewinnt nach dem Motto: "Tausche Material
gegen Position!"} g5 42. h4 $1 {[%cal Gg1h2,Gh2h3] Das ist der einzige
Gewinnversuch für Weiß. Der Turm deckt den Bauern auf a4. Dort kann Weiß
nichts machen wegen des aktiven schwarzen Königs.} Ka5 43. Kg2 gxh4 (43... Kb6
44. Kh3 $14) 44. Rxh4 $5 (44. gxh4 Rd5 $11 (44... h5 $2 45. Rg5 Rf4 46. Rxh5
Rxa4 47. Kg3 $16)) 44... h5 45. Rc4 Rd5 46. Kh3 Rd1 47. Rc6 $1 {Sehr präzis
gespielt. Weiß gibt seine Mehrbauern zurück und trotz des reduzierten
Materials hat er wegen des entfernten schwarzen Königs Gewinnchancen am
Königsflügel.} (47. Kh4 Rh1+ 48. Kg5 Rh3 $11 {[%csl Gh3]}) 47... Kxa4 48. b6 (
48. Ra6+ $6 Kxb5 49. Rxa7 Kc6 $11) 48... axb6 49. Rxb6 $16 {[%csl Ra4] >< Ka4
Der schwarze König ist abgeschnitten. Weiß möchte den schwarzen h-Bauern
gewinnen, aber er muß vorsichtig sein, daß sich die Bauern nicht tauschen. Mit
interessanten Manövern erobert Weiß den Bh5. Der Gewinn wird natürlich durch
die Abseitsstellung des schwarzen Königs stark begünstigt. Für feine und
akkurate Endspielführung gibt es eine Medaille!} Rh1+ 50. Kg2 Rd1 51. Kh3 Rh1+
52. Kg2 Rd1 53. Rh6 Rd5 (53... Kb5 $5 54. Rxh5+ Kc6 55. Re5 $16) 54. Kh3 Rg5
55. Rb6 (55. Kh4 Rg4+ 56. Kh3 (56. Kxh5 $4 Rxg3 $11) (56. Kh3 {Hecht} Rg5 {
Hecht: ergibt nichts})) 55... Rg4 (55... Ka5 56. Rb3 Ka4 57. Rf3 Kb5 {Das
führt zur Partiefortsetzung.}) 56. Rf6 Rg5 (56... Kb5 $2 57. Rf5+ {[%cal Rf5h5,
Rf5b5]}) (56... Kb4 $2 57. Rf4+ $18) 57. Rf3 {Weiß verteidigt den Bauern,
kommt danach mit dem König.} Kb5 (57... Kb4 $5 {Hansen,LB}) 58. Kh4 Re5 (58...
Rc5 59. Rf6 $16 {[%csl Rb5,Gf6][%cal Gf6a6,Rf6h6,Rh6h5]}) (58... Rg8 {Hecht}
59. Kxh5 Rh8+ 60. Kg6 Rg8+ 61. Kf7 Rg4 62. Kf6 Rg8 63. Rf5+ Kc6 64. Rg5 Rf8+
65. Kg7 Rf3 66. g4 Rg3 67. Kf6 Kd6 68. Rg8 Rf3+ 69. Kg6 Rg3 70. g5 Ke7 71. Kh7
Rh3+ 72. Kg7 Rg3 73. g6 $18 {Hecht: Brückenbau!}) 59. Rc3 $1 {Hansen,LB:
Cutting off the black K. Das ist noch stärker als 59.Rf6 mit der Idee 60.Rh6.}
(59. Rf6 Kc5 60. Rh6 Re4+ 61. Kxh5 Kd5 62. g4 $16) 59... Kb6 60. Rc8 Kb7 61.
Rh8 Kc6 62. Rxh5 Re8 63. g4 {Der schwarze König ist zu weit vom bauern
entfernt. Es ist seltsam, daß der g-Bauer, der in anderen Stellungen dem
Verteidiger zusätzliche Remischancen bietet, die Partie gewinnt.} Kd6 {Hecht:
auch auf das scheinbar bessere Kd7 entscheidet die wirkungsvolle horizontale
Sperre.} (63... Kd7 {Hecht} 64. Rh7+ Kd8 65. g5 Re4+ 66. Kh5 Ke8 67. Kh6 Kf8 (
67... Rh4+ 68. Kg7 Rg4 69. g6 $18) 68. Rh8+ Kf7 69. g6+ Kf6 70. Rf8+ Ke7 71. g7
$18) 64. Rh7 {[%cal Rh7a7]} Ke6 65. Kh5 Rf8 66. g5 $18 {Das ist eine
theoretische Gewinnstellung. Der schwarze König ist horizontal ausgesperrt, so
daß der g-Bauer die Partie entscheidet.} Kf5 67. g6 Ke6 (67... Kf6 68. Kh6 $18)
68. Kg5 (68. Kh6 $6 Kf6 69. Kh5 $18 {Anders kann Weiß nicht gewinnen.} (69. g7
Rg8 $11) (69. Ra7 Rh8+ 70. Rh7 $11)) 68... Rf1 69. Ra7 Rh1 70. g7 {Schwarz
kann die Bauernumwandlung nicht verhindern.} Rg1+ 71. Kh6 Kf6 72. Kh7 Rh1+ 73.
Kg8 {Es ist immer ein Schlüsselmotiv in Turmendspielen, das Umwandlungsfeld
mit dem König einzunehmen.} Rg1 (73... Rd1 {Hansen,LB} 74. Ra6+ Ke7 (74... Kg5
75. Re6 $18) 75. Kh7 Rh1+ 76. Rh6 $18) 74. Kf8 {Und Schwarz gab die verlorene
Stellung auf. Eine technisch sehr gut gespielte Partie von Bareev! Ribli.} (74.
Kf8 {Hecht} Rb1 75. Ra6+ $18) 1-0